National Flags with Triangles - Statistics

General Stats
  • This quiz has been taken 15 times
  • The average score is 36 of 48
Answer Stats
Picture Answer % Correct
Australia
93%
Brazil
93%
Israel
93%
Jamaica
93%
New Zealand
93%
United Kingdom
93%
Bhutan
86%
Bosnia and Herzegovina
86%
Morocco
86%
Nepal
86%
South Africa
86%
Trinidad and Tobago
86%
Bahamas
79%
Cuba
79%
Czech Republic
79%
Ethiopia
79%
Fiji
79%
Marshall Islands
79%
Seychelles
79%
Solomon Islands
79%
Tuvalu
79%
Vanuatu
79%
Antigua and Barbuda
71%
Comoros
71%
Guyana
71%
Jordan
71%
Mozambique
71%
Papua New Guinea
71%
Philippines
71%
Saint Lucia
71%
Saint Vincent and the Grenadines
71%
South Sudan
71%
Tanzania
71%
Brunei
64%
Congo, Dem. Republic of
64%
Congo, Republic of
64%
Djibouti
64%
Equatorial Guinea
64%
Eritrea
64%
Palestine
64%
Sao Tome and Principe
64%
Sudan
64%
Timor-Leste
64%
Zimbabwe
64%
Grenada
57%
Nicaragua
57%
Sahwari Republic
50%
Nagorno-Karabakh Republic
43%
No matching quizzes found
Score Distribution
Percent of People with Each Score
Percentile by Number Answered
Your Score History
You have not taken this quiz